| 000 -LEADER |
| fixed length control field |
01618pab a2200169 454500 |
| 008 - FIXED-LENGTH DATA ELEMENTS--GENERAL INFORMATION |
| fixed length control field |
180718b2013 xxu||||| |||| 00| 0 eng d |
| 100 ## - MAIN ENTRY--PERSONAL NAME |
| Personal name |
Xavier, John Antony |
| 245 ## - TITLE STATEMENT |
| Title |
The World Bank approach to public sector management 2011-2012. Lessons from the Malaysian experience |
| 260 ## - PUBLICATION, DISTRIBUTION, ETC. |
| Date of publication, distribution, etc. |
2013 |
| 300 ## - PHYSICAL DESCRIPTION |
| Extent |
p.426-432. |
| 362 ## - DATES OF PUBLICATION AND/OR SEQUENTIAL DESIGNATION |
| Dates of publication and/or sequential designation |
Sep |
| 520 ## - SUMMARY, ETC. |
| Summary, etc. |
The over-arching purpose of the new PSM approach is to set out strategic directions for making the World Bank a more effective partner to client governments in improving their ability to deliver public sector results. By results we mean those that are needed by citizens' today in sectors such as health, education, agriculture and transport - as well as results such as fiscal stability which maximize the prospects that those sector improvements will still be delivered tomorrow. The new PSM approach has emerged from consultations with a broad range of governments, development partners, civil society organizations, private sector, academics and other stakeholders. The consultation process was structured in two phases. o Development Phase (October 2010 to March 2011): The draft PSM Approach was developed through a first phase of intensive consultations with the Advisory Group, key partners and within the Bank. o Development Phase (October 2010 to March 2011): The draft PSM Approach was developed through a first phase of intensive consultations with the Advisory Group, key partners and within the Bank. - Reproduced. |
| 650 ## - SUBJECT ADDED ENTRY--TOPICAL TERM |
| Topical term or geographic name entry element |
Public administration |
| 773 ## - HOST ITEM ENTRY |
| Main entry heading |
International Review of Administrative Sciences |
| 908 ## - PUT COMMAND PARAMETER (RLIN) |
| Put command parameter |
N |
| 909 ## - |
| -- |
101694 |